{"text_format":"1","workbook":"xlsx","n_sheets":1,"sheets":["Обоснование НМЦД"],"not_rendered":{"charts":0,"images":1,"macros":1,"external_links":0,"defined_names":1,"comments":0,"pivot_tables":0},"unopened":[],"bounds":{"document_bytes":16777216,"sheet_cells":100000,"rows_first":2000,"rows_last":500,"rows_between":2000,"halvings":0,"cell_chars":16384,"cell_head_chars":4096},"cells_cut":0,"cells_raw":0,"read":"whole","date_system":"1900"}

{"sheet":"Обоснование НМЦД","index":0,"n_rows":33,"n_cols":11,"rows_kept":33,"cut":false,"hidden":false,"merged":[[32,9,32,10],[21,1,21,4],[21,5,21,10],[22,5,22,10],[20,1,20,4],[20,5,20,6],[20,7,20,8],[20,9,20,10],[22,1,22,4],[18,1,18,4],[18,5,18,6],[18,7,18,8],[18,9,18,10],[19,1,19,4],[19,5,19,6],[19,7,19,8],[19,9,19,10],[16,1,16,4],[16,5,16,6],[16,7,16,8],[16,9,16,10],[17,1,17,4],[17,5,17,6],[17,7,17,8],[17,9,17,10],[8,7,8,8],[8,9,8,10],[9,5,10,6],[9,7,10,8],[9,9,10,10],[8,1,11,1],[8,2,11,2],[8,3,11,3],[8,4,11,4],[8,5,8,6],[7,1,7,4],[7,5,7,10],[0,6,0,10],[2,1,3,10],[5,1,5,4],[5,5,5,10],[6,1,6,4],[6,5,6,9],[23,9,25,10],[23,1,26,1],[23,2,26,2],[23,3,26,3],[23,4,26,4],[32,1,32,4],[32,5,32,6],[32,7,32,8],[23,5,25,6],[23,7,25,8]]}
["Выберите метод"]
["Метод сопоставимых рыночных цен (анализ рынка)"]
["Затратный метод","ОБОСНОВАНИЕ НАЧАЛЬНОЙ (МАКСИМАЛЬНОЙ) ЦЕНЫ ДОГОВОРА\nна поставку товаров, работ, услуг для АО \"РИК Автодор\""]
["Нормативный метод"]
[]
["руб.","Предмет договора:",null,null,null,"Запрос котировок в электронной форме на поставку автошин для грузовой техники"]
["евро","Начальная (максимальная) цена договора (лота):",null,null,null,2574278,null,null,null,null,"руб."]
[null,"Метод определения НМЦД:",null,null,null,"Метод сопоставимых рыночных цен (анализ рынка)"]
["x","№ п/п","Наименование, характеристики закупаемых товаров (работ, услуг)","Ед. изм.","Кол-во","Коммерческое предложение № 1",null,"Коммерческое предложение № 2",null,"Коммерческое предложение № 3"]
["x",null,null,null,null,"ФГБУ \"Институт мерзлотоведения им. П.И. Мельникова\" СО РАН, 677010 РС(Я), г.Якутск, ул.Мерзлотная, д.36, ИНН 1435017643",null,"ООО \"Корунд\", адрес: 677000, РС(Я) г.Якутск, ул.Ярославского, 48 оф.1 ИНН 1435186070",null,"ООО НТЦ \"Стройэкспертиза\", адрес: 677008, РС(Я), г.Якутск, ул. Петровского, д.38, офис VII-4"]
["x"]
["x",null,null,null,null,"Цена за ед.\nбез НДС (руб.)","Сумма\nбез НДС (руб.)","Цена за ед.\nбез НДС (руб.)","Сумма\nбез НДС (руб.)","Цена за ед.\nбез НДС (руб.)","Сумма\nбез НДС (руб.)"]
["x",1,"Отбор исполнителя на выполнение обследования технического состояния здания по объекту: «База газового хозяйства Тулагино. Ремонт здания».","шт",1,420000,{"$f":"F13*$E$13","v":420000},230074.18,{"$f":"H13*$E$13","v":230074.18},560000,{"$f":"J13*$E$13","v":560000}]
["x",2,"Каждая номенклатура продукции указывается отдельной строкой",null,null,0,{"$f":"F14*$E$13","v":0},0,{"$f":"H14*$E$13","v":0},0,{"$f":"J14*$E$13","v":0}]
["x",3,"Каждая номенклатура продукции указывается отдельной строкой",null,null,0,{"$f":"F15*$E$13","v":0},0,{"$f":"H15*$E$13","v":0},0,{"$f":"J15*$E$13","v":0}]
["x","и т.д.",null,null,null,0,0,0,0,0,0]
["x","Транспортно-экспедиционные затраты (учтено / не учтено):",null,null,null,"учтено",null,"учтено",null,"учтено"]
["x","Срок поставки товара (выполнения работ, оказания услуг):",null,null,null,"60 к.д.",null,"45 к.д.",null,"90 к.д."]
["x","ИТОГО без НДС:",null,null,null,{"$f":"SUM(G13:G16)","v":420000},null,{"$f":"SUM(I13:I16)","v":230074.18},null,{"$f":"SUM(K13:K16)","v":560000}]
["x","НДС-20%:",null,null,null,0,null,0,null,0]
["x","ИТОГО с НДС:",null,null,null,{"$f":"F20+F19","v":420000},null,{"$f":"H20+H19","v":230074.18},null,{"$f":"J20+J19","v":560000}]
["x","Примечание:"]
["x","Приложения:",null,null,null,"1) Коммерческое предложение №1 от 23.03.2021г  на 1 л.;\n2) Коммерческое предложение №2 от от 23.03.2021г  на 1 л.;\n3) Коммерческое предложение №3 от от 23.03.2021г  на 1 л.;"]
[null,"№ п/п","Наименование, характеристики закупаемых товаров (работ, услуг)","Ед. изм.","Кол-во","Коммерческое предложение № 1",null,"Коммерческое предложение № 2",null,"Коммерческое предложение № 3"]
[]
[]
[null,null,null,null,null,"Цена за ед.\nв том числе НДС (руб.)","Сумма\nв том числе НДС (руб.)","Цена за ед.\nв том числе НДС (руб.)","Сумма\nв том числе НДС (руб.)","Цена за ед.\nв том числе НДС (руб.)","Сумма\nв том числе НДС (руб.)"]
[null,1,"Автошина 315/80R22.5 ANNAITE 700 б/к","шт",70,20974,{"$f":"E28*F28","v":1468180},24759,{"$f":"E28*H28","v":1733130},62500,{"$f":"E28*J28","v":4375000}]
[null,2,"Автошина 315/70R22.5 ANNAITE 785 б/к","шт",4,21246,{"$f":"E29*F29","v":84984},48735,{"$f":"E29*H29","v":194940},55600,{"$f":"E29*J29","v":222400}]
[null,3,"Автошина 385/65R22.5 ANNAITE 700 б/к","шт",24,24879,597096,32986,791664,60400,1449600]
[null,4,"Автошина 10.00R20 ANNAITE 700","шт",10,20611,206110,24521,245210,27300,273000]
[null,5,"11.00 R 22,5 ANNAITE 300","шт",12,18159,217908,24674,296088,30000,360000]
[null,"ИТОГО с НДС:",null,null,null,{"$f":"G28+G29+G30+G31+G32","v":2574278},null,{"$f":"I28+I29+I30+I31+I32","v":3261032},null,{"$f":"K28+K29+K30+K31+K32","v":6680000}]